000
00312nam a2200133Ia 4500
008
240624s9999 xx 000 0 und d
041
_a
eng
082
_a
823 SET
100
_a
SETH VIKRAM
245
_a
RIVERED EARTH
260
_c
2011
_a
New Delhi
_b
Hamish Hamilton
300
_a
103p. ; 23cm.
365
_c
RS
_b
25
999
_c
19984
_d
19984